QUIZ LOGO TEAM ESPORTS #1 - Statistiques

Statistiques générales
  • Ce quiz a été pris 1 133 fois
  • Le résultat moyen est 14 sur 16
Statistiques - réponses
Par images Réponse % Correct
Karmine corp
99%
Team Vitality
99%
G2 esports
96%
Solary
95%
T1
92%
Fnatic
91%
NRG
91%
Team Liquid
91%
Faze clan
90%
Team BDS
90%
Cloud 9
86%
Movistar KOI
84%
Team Heretics
78%
Dignitas
74%
SK Gaming
72%
TSM
69%
Aucun quiz correspondant
Distribution des résultats
% des personnes avec chaque résultat
Percentile par nombre de réponses
Votre historique - résultats
Vous n’avez pas pris ce quiz